Modern Library 100 Best Quiz Stats

 Plays Quiz Updated Dec 4, 2018

Support Sporcle.
Go Orange.
Score 0/100 Timer 14:00
3 Plays Today
Author Novel % Correct
F. Scott FitzgeraldThe Great Gatsby
89.1%
George OrwellNineteen Eighty-Four
83.4%
John SteinbeckThe Grapes of Wrath
72.6%
George OrwellAnimal Farm
69.5%
J. D. SalingerThe Catcher in the Rye
68.2%
James JoyceUlysses
65.2%
Aldous HuxleyBrave New World
63.7%
Joseph HellerCatch-22
62.7%
Kurt VonnegutSlaughterhouse-Five
57.7%
Vladimir NabokovLolita
56.3%
Joseph ConradHeart of Darkness
52.7%
Jack KerouacOn the Road
49.9%
William GoldingLord of the Flies
48.3%
William FaulknerThe Sound and the Fury
44.8%
Jack LondonThe Call of the Wild
41.5%
Ralph EllisonInvisible Man
38.3%
Ernest HemingwayThe Sun Also Rises
38%
James JoyceA Portrait of the Artist as a Young Man
36.2%
Ernest HemingwayA Farewell to Arms
33%
Virginia WoolfTo the Lighthouse
32.3%
Anthony BurgessA Clockwork Orange
32.1%
William FaulknerAs I Lay Dying
31.5%
D. H. LawrenceSons and Lovers
29.9%
E. M. ForsterA Passage to India
27.7%
Evelyn WaughBrideshead Revisited
23.6%
James JoyceFinnegans Wake
22.8%
E. M. ForsterA Room with a View
22.8%
Salman RushdieMidnight's Children
22%
Richard WrightNative Son
21.6%
Robert Penn WarrenAll the King's Men
21.1%
F. Scott FitzgeraldTender Is the Night
20.8%
Edith WhartonThe Age of Innocence
20.7%
Henry MillerTropic of Cancer
20%
Dashiell HammettThe Maltese Falcon
19.3%
Author Novel % Correct
Carson McCullersThe Heart Is a Lonely Hunter
18.7%
Joseph ConradLord Jim
18.6%
Rudyard KiplingKim
18.5%
Robert GravesI, Claudius
17.4%
William FaulknerLight in August
17.2%
Philip RothPortnoy's Complaint
16.7%
E. M. ForsterHowards End
16.5%
E. L. DoctorowRagtime
16.2%
Theodore DreiserSister Carrie
15%
Theodore DreiserAn American Tragedy
14.9%
Vladimir NabokovPale Fire
14.8%
James BaldwinGo Tell It on the Mountain
14.7%
D. H. LawrenceWomen in Love
14.5%
Jean RhysWide Sargasso Sea
13.9%
John Dos PassosU.S.A. (trilogy)
13.5%
Edith WhartonThe House of Mirth
12.6%
W. Somerset MaughamOf Human Bondage
12.3%
William StyronSophie's Choice
12.2%
Sinclair LewisMain Street
12.1%
James DickeyDeliverance
12%
Malcolm LowryUnder the Volcano
11.9%
Norman MailerThe Naked and the Dead
11.8%
Muriel SparkThe Prime of Miss Jean Brodie
11.7%
D. H. LawrenceThe Rainbow
11.6%
Sherwood AndersonWinesburg, Ohio
11.5%
Arthur KoestlerDarkness at Noon
10.9%
Willa CatherDeath Comes for the Archbishop
10.9%
Joseph ConradThe Secret Agent
10.5%
Joseph ConradNostromo
10.4%
Saul BellowThe Adventures of Augie March
10%
Ford Madox FordThe Good Soldier
10%
Henry JamesThe Ambassadors
9.8%
Thornton WilderThe Bridge of San Luis Rey
9%
Walker PercyThe Moviegoer
8.9%
Author Novel % Correct
Evelyn WaughA Handful of Dust
8.9%
Henry JamesThe Wings of the Dove
8.8%
Henry JamesThe Golden Bowl
8.8%
Nathanael WestThe Day of the Locust
8.6%
Evelyn WaughScoop
8.6%
John FowlesThe Magus
8.6%
V. S. NaipaulA House for Mr Biswas
8.2%
James JonesFrom Here to Eternity
8%
James M. CainThe Postman Always Rings Twice
8.1%
Graham GreeneThe Heart of the Matter
8%
Booth TarkingtonThe Magnificent Ambersons
8%
Saul BellowHenderson the Rain King
7.9%
Samuel ButlerThe Way of All Flesh
7.4%
Aldous HuxleyPoint Counter Point
7.3%
Erskine CaldwellTobacco Road
7.2%
John O'HaraAppointment in Samarra
7%
William KennedyIronweed
7%
V. S. NaipaulA Bend in the River
6.9%
Anthony PowellA Dance to the Music of Time (series)
6.8%
Paul BowlesThe Sheltering Sky
6.7%
Wallace StegnerAngle of Repose
6.2%
Lawrence DurrellThe Alexandria Quartet
6%
Iris MurdochUnder the Net
5.8%
Ford Madox FordParade's End
5.5%
Henry GreenLoving
5.3%
J. P. DonleavyThe Ginger Man
5.3%
James T. FarrellStuds Lonigan (trilogy)
5%
John CheeverThe Wapshot Chronicle
4.7%
Elizabeth BowenThe Death of the Heart
4.5%
Richard HughesA High Wind in Jamaica
4.4%
Max BeerbohmZuleika Dobson
4.2%
Arnold BennettThe Old Wives' Tale
3.5%

You're not logged in!

Compare scores with friends on all Sporcle quizzes.
OR
Log In

From the Vault

One Country per Time Zone

by Hejman

No crowding - there's plenty of time zones for everyone.
Remove Ads.
Support Sporcle.
Get the best of Sporcle when you Go Orange. This ad-free experience offers more features, more stats, and more fun while also helping to support Sporcle. Thank you for becoming a member.

Show Comments

Extras

Top Quizzes Today


Score Distribution

Your Account Isn't Verified!

In order to create a playlist on Sporcle, you need to verify the email address you used during registration. Go to your Sporcle Settings to finish the process.

Report this User

Report this user for behavior that violates our Community Guidelines.

Details: